Príspevok k štúdiu elektrofyzikálnych vlastností slabopolárnych kvapalných dielektrík v priebehu urýchleného starnutia : Kand.diz.práca : V.odb. 26-01-9 : Obh. 20.10.1983 /

Enregistré dans:
Détails bibliographiques
Auteur principal: Rošková, Miroslava (Auteur)
Format: Manuscrit Livre
Publié: Bratislava : SVŠT v Bratislave EF, 1983
Sujets:
Tags: Ajouter un tag
Pas de tags, Soyez le premier à ajouter un tag!

MARC

LEADER 00000ntm a22000003a 4500
001 stu4579
005 20150617225813.4
008 ------s1983----xo----------------------d
040 |a STU  |b slo 
041 0
044 |a xo 
100 1 |a Rošková, Miroslava  |4 aut 
245 1 |a Príspevok k štúdiu elektrofyzikálnych vlastností slabopolárnych kvapalných dielektrík v priebehu urýchleného starnutia :  |b Kand.diz.práca : V.odb. 26-01-9 : Obh. 20.10.1983 /  |c [aut.] Rošková,Miroslava, Ing 
260 |a Bratislava :  |b SVŠT v Bratislave EF,  |c 1983 
300 |a 146 s :  |b príl +  |c Autoref.1981, s.20 s 
650 7 |a elektrotechnológia  |2 stusub 
650 7 |a chlórované difenyly  |2 stusub 
650 7 |a kvapalné izolanty  |2 stusub 
996 |b 284ED00656  |c E*KDIZ-407  |l EE01  |s A  |a 24  |w stu4579_0001